| 000 | 01109cam a2200301 a 4500 | ||
|---|---|---|---|
| 001 | 2617066 | ||
| 003 | PILC | ||
| 005 | 20150319152024.0 | ||
| 008 | 980817s1999 njua 001 0 eng | ||
| 010 | _a 98041351 | ||
| 020 | _a0735200491 | ||
| 040 |
_aDLC _cDLC _dDLC |
||
| 050 | 0 | 0 |
_aHD 31 _b.Sm5776 1999 |
| 082 | 0 | 0 | _a658.4 |
| 100 | 1 |
_aSmart, Bradford D., _d1944- |
|
| 245 | 1 | 0 |
_aTopgrading : _bhow leading companies win by hiring, coaching, and keeping the best people / _cBradford D. Smart. |
| 260 |
_aParamus, NJ : _bPrentice Hall Press, _cc1999. |
||
| 300 |
_axi, 403 pages : _billustrations ; _c24 cm. |
||
| 500 | _aIncludes index. | ||
| 650 | 0 | _aIndustrial management. | |
| 650 | 0 | _aLeadership. | |
| 650 | 0 |
_aEmployees _xRecruiting. |
|
| 650 | 0 |
_aTeams in the workplace _xTraining of. |
|
| 856 | 4 | 2 |
_3Contributor biographical information _uhttp://www.loc.gov/catdir/enhancements/fy1207/98041351-b.html |
| 906 |
_a7 _bcbc _corignew _d1 _eocip _f19 _gy-gencatlg |
||
| 942 |
_2lcc _cBK |
||
| 999 |
_c283800 _d283800 |
||